[Event "SVK-chT2B 0708"]
[Site "Slovakia"]
[Date "2008.02.03"]
[Round "9.3"]
[White "Kocmal, Jaroslav"]
[Black "Jurica, Peter"]
[Result "1/2-1/2"]
[WhiteElo "1999"]
[BlackElo "2113"]
[PlyCount "41"]
[EventDate "2007.10.06"]
[EventType "team-tourn"]
[EventRounds "11"]
[EventCountry "SVK"]
[SourceTitle "EXT 2010"]
[Source "ChessBase"]
[SourceDate "2010.11.25"]
[SourceVersion "1"]
[SourceVersionDate "2010.11.25"]
[SourceQuality "1"]
[WhiteTeam "Surany Lokomotiva"]
[BlackTeam "Trencin SK II"]
[WhiteTeamCountry "SVK"]
[BlackTeamCountry "SVK"]

1. d4 g6 2. c4 f5 3. Nc3 Nf6 4. Nf3 Bg7 5. g3 c6 6. Bg2 d6 7. 0-0 0-0 8. Bf4 Qb6 9. Qb3 Na6 10. Rad1 Qxb3 11. axb3 h6 12. h4 Nh5 13. Bc1 f4 14. Kh2 Bf5 15. Ne1 Bg4 16. Bf3 fxg3+ 17. fxg3 Rae8 18. Kg2 Bxf3+ 19. Nxf3 Rf7 20. Ne4 Ref8 21. Be3 1/2-1/2

[Event "Piestany Pressburg op"]
[Site "Piestany"]
[Date "2007.11.16"]
[Round "3"]
[White "Jelenciak, Jozef"]
[Black "Jurica, Peter"]
[Result "0-1"]
[WhiteElo "1982"]
[BlackElo "2129"]
[PlyCount "80"]
[EventDate "2007.11.14"]
[EventType "swiss"]
[EventRounds "7"]
[EventCountry "SVK"]
[SourceTitle "CBM 121 Extra"]
[Source "ChessBase"]
[SourceDate "2008.01.10"]
[SourceVersion "1"]
[SourceVersionDate "2008.01.10"]
[SourceQuality "1"]

1. e4 Nf6 2. e5 Nd5 3. c4 Nb6 4. c5 Nd5 5. Bc4 e6 6. d4 b6 7. Bxd5 exd5 8. cxb6 axb6 9. Nf3 Ba6 10. Nc3 Bb4 11. Qb3 Bc4 12. Qc2 Nc6 13. a3 Qe7 14. Be3 d6 15. Rb1 dxe5 16. Nxe5 Nxe5 17. dxe5 Bc5 18. b3 d4 19. Bf4 Rxa3 20. Ne4 Bb4+ 21. Nd2 Bb5 22. f3 g5 23. Bg3 Qc5 24. Qxc5 bxc5 25. h4 Bd3 26. Rc1 Ra2 27. Rd1 Bc2 28. Ke2 Bxd1+ 29. Rxd1 gxh4 30. Bxh4 Rg8 31. g3 Kd7 32. Kd3 Rxd2+ 33. Rxd2 Bxd2 34. Kxd2 Ke6 35. f4 Kd5 36. Kd3 h6 37. Kc2 Ra8 38. Kb1 c4 39. bxc4+ Kxc4 40. f5 c5 0-1

[Event "SVK-chT2B 0708"]
[Site "Slovakia"]
[Date "2007.11.04"]
[Round "4.5"]
[White "Jurica, Peter"]
[Black "Novotny, Michal1111"]
[Result "1/2-1/2"]
[WhiteElo "2113"]
[BlackElo "2106"]
[PlyCount "97"]
[EventDate "2007.10.06"]
[EventType "team-tourn"]
[EventRounds "11"]
[EventCountry "SVK"]
[SourceTitle "EXT 2010"]
[Source "ChessBase"]
[SourceDate "2010.11.25"]
[SourceVersion "1"]
[SourceVersionDate "2010.11.25"]
[SourceQuality "1"]
[WhiteTeam "Trencin SK II"]
[BlackTeam "Tlmace SK"]
[WhiteTeamCountry "SVK"]
[BlackTeamCountry "SVK"]

1. Nf3 Nf6 2. d4 d5 3. c4 e6 4. Nc3 c6 5. Bg5 Bb4 6. Qc2 Nbd7 7. cxd5 exd5 8. e3 Qa5 9. Bd3 h6 10. Bh4 0-0 11. 0-0 Bxc3 12. bxc3 Qa3 13. c4 Qd6 14. Rab1 dxc4 15. Bxc4 Nb6 16. Bd3 Nbd5 17. Qd2 Re8 18. Ne5 Nb6 19. a4 Nbd7 20. Bg3 Qe7 21. Nc4 Ne4 22. Bxe4 Qxe4 23. Nd6 Qe6 24. Nxe8 Qxe8 25. Rfc1 Nf6 26. Rc5 Ne4 27. Qa5 Nxc5 28. dxc5 Qe4 29. Re1 Be6 30. f3 Qc2 31. Qb4 b6 32. cxb6 axb6 33. Qxb6 Rxa4 34. Qb8+ Kh7 35. Qb1 Ra2 36. Rc1 Qxb1 37. Rxb1 Re2 38. e4 c5 39. Bf4 c4 40. Rc1 Ra2 41. Be5 h5 42. Bd4 Kg6 43. Be5 Ra4 44. Rc2 f5 45. Bc3 Kf7 46. Kf2 g6 47. Ke3 Ra3 48. Kd4 Ra7 49. Rd2 1/2-1/2

[Event "Znojmo op2"]
[Site "Znojmo"]
[Date "2007.??.??"]
[Round "4"]
[White "Jurica, Peter"]
[Black "Mlensky, Dalibor"]
[Result "1/2-1/2"]
[WhiteElo "2185"]
[BlackElo "2090"]
[PlyCount "40"]
[EventDate "2007.04.??"]
[EventType "swiss"]
[EventRounds "9"]
[EventCountry "CZE"]
[SourceTitle "EXT 2010"]
[Source "ChessBase"]
[SourceDate "2010.11.25"]
[SourceVersion "1"]
[SourceVersionDate "2010.11.25"]
[SourceQuality "1"]

1. Nf3 d5 2. d4 Nc6 3. g3 Bf5 4. Bg2 Nf6 5. 0-0 e6 6. c4 dxc4 7. Nc3 Nb4 8. Ne5 c6 9. e4 Bg6 10. Nxc4 Be7 11. a3 Na6 12. d5 exd5 13. exd5 Bh5 14. Qa4 Nc5 15. Qb4 Nxd5 16. Nxd5 cxd5 17. Qb5+ Kf8 18. Ne3 a6 19. Qb4 Be2 20. Bxd5 Bxf1 1/2-1/2

[Event "Znojmo op1"]
[Site "Znojmo"]
[Date "2007.??.??"]
[Round "5"]
[White "Jurica, Peter"]
[Black "Skaroupka, Jiri"]
[Result "1/2-1/2"]
[WhiteElo "2160"]
[BlackElo "2105"]
[PlyCount "59"]
[EventDate "2007.01.??"]
[EventType "swiss"]
[EventRounds "9"]
[EventCountry "CZE"]
[SourceTitle "EXT 2010"]
[Source "ChessBase"]
[SourceDate "2010.11.25"]
[SourceVersion "1"]
[SourceVersionDate "2010.11.25"]
[SourceQuality "1"]

1. Nf3 d5 2. d4 Nf6 3. c4 c6 4. Nc3 dxc4 5. g3 b5 6. Bg2 Bb7 7. 0-0 e6 8. Qc2 a6 9. e4 Be7 10. Rd1 Nbd7 11. a4 0-0 12. Ng5 h6 13. Nh3 Re8 14. Nf4 Bf8 15. Be3 Ng4 16. Bc1 e5 17. Qe2 b4 18. Qxg4 exf4 19. Ne2 fxg3 20. Nxg3 c5 21. dxc5 Ne5 22. Rxd8 Nxg4 23. Rd7 Bc6 24. Rc7 Ne5 25. Bf4 Nd3 26. Rxc6 Nxf4 27. Rc1 Rec8 28. Rxc8 Rxc8 29. Rxc4 Rxc5 30. Bf1 1/2-1/2

[Event "Znojmo op2"]
[Site "Znojmo"]
[Date "2007.??.??"]
[Round "6"]
[White "Jurica, Peter"]
[Black "Skaroupka, Jiri"]
[Result "1-0"]
[WhiteElo "2185"]
[BlackElo "2125"]
[PlyCount "69"]
[EventDate "2007.04.??"]
[EventType "swiss"]
[EventRounds "9"]
[EventCountry "CZE"]
[SourceTitle "EXT 2010"]
[Source "ChessBase"]
[SourceDate "2010.11.25"]
[SourceVersion "1"]
[SourceVersionDate "2010.11.25"]
[SourceQuality "1"]

1. Nf3 d5 2. d4 Nf6 3. g3 Bg4 4. Bg2 e6 5. 0-0 Nbd7 6. b3 Bd6 7. c4 c6 8. Bb2 Ne4 9. Ne5 Nxe5 10. dxe5 Bc5 11. cxd5 Nxf2 12. Rxf2 Qb6 13. Qf1 cxd5 14. Nc3 Rc8 15. Na4 Bxf2+ 16. Qxf2 Qxf2+ 17. Kxf2 Kd7 18. Bd4 Rc2 19. Bxa7 Bxe2 20. Kg1 b5 21. Nc5+ Kc7 22. Na6+ Kb7 23. Nb4 Rc7 24. Be3 Ka8 25. Kf2 Bg4 26. Bf1 Rb8 27. a4 Rc3 28. axb5+ Kb7 29. Ra7+ Kc8 30. b6 Bh5 31. Bb5 d4 32. Bxd4 Rf3+ 33. Kg2 Rf5 34. Bd7+ Kd8 35. Nc6# 1-0

[Event "Piestany Pressburg op"]
[Site "Piestany"]
[Date "2006.11.17"]
[Round "3"]
[White "Jurica, Peter"]
[Black "Kotan, Ladislav"]
[Result "0-1"]
[WhiteElo "2152"]
[BlackElo "2297"]
[PlyCount "60"]
[EventDate "2006.11.15"]
[EventType "swiss"]
[EventRounds "7"]
[EventCountry "SVK"]
[SourceTitle "EXT 2008"]
[Source "ChessBase"]
[SourceDate "2007.11.25"]
[SourceVersion "1"]
[SourceVersionDate "2007.11.25"]
[SourceQuality "1"]

1. Nf3 Nf6 2. d4 d5 3. c4 e6 4. Bg5 Be7 5. e3 h6 6. Bh4 0-0 7. Nc3 b6 8. cxd5 Nxd5 9. Bxe7 Qxe7 10. Nxd5 exd5 11. Qb3 Be6 12. Be2 Rc8 13. Rc1 c5 14. dxc5 bxc5 15. Qa3 Nd7 16. 0-0 Qd8 17. Rfd1 Qb6 18. Rc3 a5 19. Rb3 Qa7 20. Rb5 Nf6 21. Rc1 Ne4 22. Ne5 f6 23. Nd3 Bd7 24. Rbxc5 Nxc5 25. Nxc5 Rc7 26. Rc3 Be8 27. h4 Bf7 28. Bg4 Rb8 29. Ne6 Rxc3 30. bxc3 Qd7 0-1

[Event "SVK-chT1W 0506"]
[Site "Slovakia"]
[Date "2006.??.??"]
[Round "?"]
[White "Bojda, Lubomir"]
[Black "Jurica, Peter"]
[Result "1-0"]
[WhiteElo "2130"]
[BlackElo "2150"]
[PlyCount "57"]
[EventDate "2005.10.15"]
[EventType "team-tourn"]
[EventRounds "11"]
[EventCountry "SVK"]
[SourceTitle "EXT 2008"]
[Source "ChessBase"]
[SourceDate "2007.11.25"]
[SourceVersion "1"]
[SourceVersionDate "2007.11.25"]
[SourceQuality "1"]

1. d4 g6 2. e4 Bg7 3. Nc3 c6 4. Be3 d5 5. f3 Nf6 6. e5 Ng8 7. Qd2 h5 8. Nge2 Na6 9. Nf4 Nc7 10. Bd3 Nh6 11. Nxg6 fxg6 12. Bxg6+ Nf7 13. 0-0 0-0 14. Bxh5 Be6 15. Ne2 Qd7 16. g4 c5 17. c3 Rac8 18. Rf2 Na8 19. Rg2 Nb6 20. b3 cxd4 21. cxd4 Rc6 22. Rf1 Rfc8 23. Bg6 Nh8 24. Bb1 Bf7 25. f4 Rh6 26. f5 Rh4 27. Nf4 Qc7 28. Qf2 Rh7 29. g5 1-0

[Event "SVK-chT1W 0506"]
[Site "Slovakia"]
[Date "2006.??.??"]
[Round "?"]
[White "Farkas, Gabor"]
[Black "Jurica, Peter"]
[Result "1-0"]
[WhiteElo "2135"]
[BlackElo "2150"]
[PlyCount "41"]
[EventDate "2005.10.15"]
[EventType "team-tourn"]
[EventRounds "11"]
[EventCountry "SVK"]
[SourceTitle "EXT 2008"]
[Source "ChessBase"]
[SourceDate "2007.11.25"]
[SourceVersion "1"]
[SourceVersionDate "2007.11.25"]
[SourceQuality "1"]

1. e4 Nf6 2. e5 Nd5 3. c4 Nb6 4. d4 d6 5. exd6 exd6 6. Be3 Be7 7. Nc3 0-0 8. Rc1 Nc6 9. b3 Bg5 10. Nf3 Re8 11. Nxg5 Qxg5 12. Ne2 Qf6 13. h3 Bf5 14. d5 Nb4 15. Nc3 Qg6 16. Kd2 c6 17. a3 Nd3 18. Bxd3 Bxd3 19. dxc6 bxc6 20. Qg4 Nd7 21. Qxd7 1-0

[Event "SVK-chT1W 0405"]
[Site "Slovakia"]
[Date "2005.??.??"]
[Round "9"]
[White "Jablonicky, Frantisek"]
[Black "Jurica, Peter"]
[Result "0-1"]
[WhiteElo "2188"]
[BlackElo "2170"]
[PlyCount "109"]
[EventDate "2004.10.??"]
[EventType "team"]
[EventRounds "11"]
[EventCountry "SVK"]
[SourceTitle "EXT 2006"]
[Source "ChessBase"]
[SourceDate "2005.11.24"]
[SourceVersion "1"]
[SourceVersionDate "2005.11.24"]
[SourceQuality "1"]

1. Nf3 f5 2. d4 Nf6 3. c4 g6 4. g3 Bg7 5. Bg2 0-0 6. 0-0 d6 7. Nc3 c6 8. d5 Bd7 9. Nd4 Qe8 10. Qb3 Qc8 11. c5 Kh8 12. cxd6 exd6 13. Bf4 Nxd5 14. Bxd6 Re8 15. Nxd5 cxd5 16. e3 Bc6 17. Rac1 Qd7 18. Bb4 Na6 19. Nxc6 bxc6 20. Bc3 Re6 21. Qa4 Qb7 22. Bxg7+ Kxg7 23. a3 Rd8 24. b4 Kg8 25. Rc2 Nc7 26. Qa5 Qb6 27. Qc5 Kf7 28. Rfc1 Rdd6 29. Qc3 Ne8 30. a4 Nf6 31. Qc5 Nd7 32. Qxb6 Nxb6 33. Bf1 Nd7 34. Ba6 c5 35. Bc8 cxb4 36. Rc7 Re7 37. Rxa7 Nb6 38. Rcc7 Nxc8 39. Rab7 Rxc7 40. Rxc7+ Ne7 41. Rb7 d4 42. exd4 Rxd4 43. a5 Ke6 44. a6 Nc6 45. Rxh7 Rd1+ 46. Kg2 Ra1 47. h4 Rxa6 48. Rh6 b3 49. Rxg6+ Kd7 50. h5 b2 51. h6 b1Q 52. h7 Qe4+ 53. Kh2 Ra1 54. Rg7+ Ne7 55. Rxe7+ 0-1

[Event "SVK-chT1W 0405"]
[Site "Slovakia"]
[Date "2005.??.??"]
[Round "7"]
[White "Jurica, Peter"]
[Black "Belak, Stefan"]
[Result "1-0"]
[WhiteElo "2170"]
[BlackElo "1920"]
[PlyCount "73"]
[EventDate "2004.10.??"]
[EventType "team"]
[EventRounds "11"]
[EventCountry "SVK"]
[SourceTitle "EXT 2006"]
[Source "ChessBase"]
[SourceDate "2005.11.24"]
[SourceVersion "1"]
[SourceVersionDate "2005.11.24"]
[SourceQuality "1"]

1. Nf3 d5 2. d4 Nf6 3. c4 c6 4. Nc3 dxc4 5. g3 Bf5 6. Bg2 e6 7. Ne5 Bb4 8. 0-0 0-0 9. e4 Bxc3 10. bxc3 Bxe4 11. Ba3 Bxg2 12. Kxg2 Qd5+ 13. Kg1 Re8 14. Qe2 b5 15. Rae1 Nbd7 16. f4 Nb6 17. g4 Na4 18. Rf3 Nxc3 19. Rxc3 Qxd4+ 20. Qe3 Qxe3+ 21. Rcxe3 Nd5 22. Rf3 Rac8 23. g5 a5 24. Bc5 Red8 25. Ref1 Nb4 26. Bb6 Rd5 27. Bxa5 Nd3 28. h4 c5 29. a4 Ra8 30. Nc6 Rd7 31. axb5 Nb4 32. f5 Rb7 33. fxe6 fxe6 34. Nxb4 Rxb5 35. Nc6 Rb7 36. Nd8 Rbb8 37. Rf8# 1-0

[Event "SVK-chT1W 0506"]
[Site "Slovakia"]
[Date "2005.??.??"]
[Round "?"]
[White "Jurica, Peter"]
[Black "Mihalik, Marek"]
[Result "1-0"]
[WhiteElo "2150"]
[BlackElo "2110"]
[PlyCount "47"]
[EventDate "2005.10.15"]
[EventType "team-tourn"]
[EventRounds "11"]
[EventCountry "SVK"]
[SourceTitle "EXT 2008"]
[Source "ChessBase"]
[SourceDate "2007.11.25"]
[SourceVersion "1"]
[SourceVersionDate "2007.11.25"]
[SourceQuality "1"]

1. Nf3 Nf6 2. d4 e6 3. c4 Bb4+ 4. Bd2 c5 5. Bxb4 cxb4 6. Nbd2 0-0 7. e4 d6 8. Be2 Qe7 9. 0-0 e5 10. Qc2 Nc6 11. d5 Nb8 12. a3 bxa3 13. Rxa3 Nh5 14. g3 f5 15. exf5 Bxf5 16. Bd3 Bxd3 17. Qxd3 Na6 18. Ne4 Nf6 19. Nfg5 Nc7 20. c5 Ncxd5 21. cxd6 Qd7 22. Nxh7 Qh3 23. Nexf6+ Nxf6 24. Nxf8 1-0

[Event "SVK-chT1W 0506"]
[Site "Slovakia"]
[Date "2005.??.??"]
[Round "?"]
[White "Sturc, Gustav"]
[Black "Jurica, Peter"]
[Result "0-1"]
[WhiteElo "2100"]
[BlackElo "2150"]
[PlyCount "50"]
[EventDate "2005.10.15"]
[EventType "team-tourn"]
[EventRounds "11"]
[EventCountry "SVK"]
[SourceTitle "EXT 2008"]
[Source "ChessBase"]
[SourceDate "2007.11.25"]
[SourceVersion "1"]
[SourceVersionDate "2007.11.25"]
[SourceQuality "1"]

1. e4 Nf6 2. Bc4 b5 3. Bb3 Bb7 4. d3 e6 5. Bg5 Be7 6. f4 c5 7. a3 c4 8. Ba2 Qb6 9. Qe2 b4 10. Bxc4 bxa3 11. Nxa3 Qxb2 12. Rb1 Bb4+ 13. Kf2 Qxa3 14. Rb3 Bc5+ 15. Kg3 Qc1 16. Rxb7 Bxg1 17. e5 Nd5 18. Bxd5 exd5 19. e6 fxe6 20. Qh5+ g6 21. Qh6 Kf7 22. f5 Qe1+ 23. Kh3 exf5 24. Bd2 Qd1 25. Qg5 h6 0-1

[Event "SVK-chT1W 0405"]
[Site "Slovakia"]
[Date "2004.??.??"]
[Round "4"]
[White "Jurica, Peter"]
[Black "Federic, Jozef"]
[Result "1/2-1/2"]
[WhiteElo "2153"]
[BlackElo "1956"]
[PlyCount "104"]
[EventDate "2004.10.??"]
[EventType "team"]
[EventRounds "11"]
[EventCountry "SVK"]
[SourceTitle "EXT 2006"]
[Source "ChessBase"]
[SourceDate "2005.11.24"]
[SourceVersion "1"]
[SourceVersionDate "2005.11.24"]
[SourceQuality "1"]

1. Nf3 d5 2. d4 e6 3. c4 Nf6 4. Nc3 c6 5. Bg5 Nbd7 6. cxd5 exd5 7. e3 Be7 8. Bd3 0-0 9. 0-0 Ne4 10. Bxe4 Bxg5 11. Bd3 Be7 12. Qc2 Nf6 13. Rab1 Re8 14. Na4 Bd6 15. b4 a6 16. Rfc1 g6 17. Nc5 Qe7 18. Qe2 Nd7 19. a4 Nxc5 20. bxc5 Bc7 21. Nd2 Qh4 22. g3 Qf6 23. Qf3 Qxf3 24. Nxf3 Re7 25. Kg2 Ba5 26. h4 Be6 27. h5 Kg7 28. Rh1 Rd8 29. Rh4 Rg8 30. Rbh1 Kf8 31. Ng5 f5 32. hxg6 hxg6 33. g4 fxg4 34. Nxe6+ Rxe6 35. Rxg4 Kf7 36. Rh7+ Rg7 37. Rh8 Re7 38. Rf4+ Ke6 39. Rh6 Bc7 40. Rg4 Kd7 41. Rhxg6 Rxg6 42. Rxg6 Rf7 43. Be2 Bd8 44. Bg4+ Kc7 45. Be6 Rh7 46. Bg8 Re7 47. Be6 Rh7 48. Bg8 Re7 49. Be6 Rh7 50. Bg8 Re7 51. Be6 Rh7 52. Bg8 Re7 1/2-1/2

[Event "Bratislava-ch"]
[Site "Bratislava"]
[Date "2003.03.30"]
[Round "1"]
[White "Halasz, Michal"]
[Black "Jurica, Peter"]
[Result "1/2-1/2"]
[WhiteElo "1848"]
[BlackElo "1514"]
[PlyCount "69"]
[EventDate "2003.03.??"]
[EventType "swiss"]
[EventRounds "9"]
[EventCountry "SVK"]
[SourceTitle "EXT 2006"]
[Source "ChessBase"]
[SourceDate "2005.11.24"]
[SourceVersion "1"]
[SourceVersionDate "2005.11.24"]
[SourceQuality "1"]

1. d4 Nf6 2. c4 e6 3. g3 d5 4. Bg2 c6 5. Qc2 Bd6 6. Nf3 Nbd7 7. 0-0 0-0 8. c5 Be7 9. Nc3 b6 10. b4 a5 11. Ba3 axb4 12. Bxb4 bxc5 13. dxc5 Bxc5 14. Nxd5 cxd5 15. Bxc5 Nxc5 16. Qxc5 Ba6 17. Rfe1 Bc4 18. a3 Nd7 19. Qd4 Qf6 20. Qxf6 Nxf6 21. Ne5 Ra4 22. Nxc4 Rxc4 23. Rec1 Ra4 24. e3 g6 25. Rc3 Rfa8 26. f3 Nd7 27. Bf1 Ne5 28. Kf2 Nc4 29. Bxc4 dxc4 30. Rac1 Rxa3 31. Rxc4 Ra2+ 32. R1c2 Kg7 33. h4 h5 34. f4 Rxc2+ 35. Rxc2 1/2-1/2

[Event "SVK-chT3B 0102"]
[Site "Slovakia"]
[Date "2001.??.??"]
[Round "2"]
[White "Jurica, Peter"]
[Black "Dolnik, Attila"]
[Result "1-0"]
[WhiteElo "2164"]
[BlackElo "2028"]
[PlyCount "45"]
[EventDate "2001.10.??"]
[EventType "team"]
[EventRounds "9"]
[EventCountry "SVK"]
[SourceTitle "EXT 2003"]
[Source "ChessBase"]
[SourceDate "2002.11.25"]
[SourceVersion "1"]
[SourceVersionDate "2002.11.25"]
[SourceQuality "1"]

1. e4 e5 2. d4 exd4 3. Qxd4 Nc6 4. Qe3 b6 5. Nc3 Bb7 6. Bc4 Bb4 7. Bd2 Nge7 8. Qg3 Ng6 9. 0-0-0 d6 10. f4 Qh4 11. Nf3 Qxg3 12. hxg3 0-0 13. a3 Bxc3 14. Bxc3 Rfe8 15. Ng5 Nd8 16. Rxh7 Ne6 17. Bxe6 Rxe6 18. Rxg7+ Kf8 19. Nxe6+ fxe6 20. Rxg6 Bxe4 21. Rg7 Bxg2 22. Rd2 Bh3 23. Rh2 1-0

[Event "SVK-chT1W 0001"]
[Site "Slovakia"]
[Date "2001.??.??"]
[Round "10"]
[White "Jurica, Peter"]
[Black "Ruckschloss, Karol"]
[Result "0-1"]
[WhiteElo "2164"]
[BlackElo "2306"]
[PlyCount "68"]
[EventDate "2000.??.??"]
[EventType "team"]
[EventRounds "11"]
[EventCountry "SVK"]
[SourceTitle "EXT 2002"]
[Source "ChessBase"]
[SourceDate "2001.11.25"]
[SourceVersion "1"]
[SourceVersionDate "2001.11.25"]
[SourceQuality "1"]

1. Nf3 g6 2. d4 Bg7 3. g3 f5 4. Bg2 Nf6 5. 0-0 0-0 6. Nbd2 d6 7. Re1 Nc6 8. c3 e5 9. dxe5 dxe5 10. e4 f4 11. gxf4 exf4 12. b3 Ng4 13. Ba3 Re8 14. Qc2 Nge5 15. Bf1 Bg4 16. Be2 Bxf3 17. Nxf3 Nxf3+ 18. Bxf3 Ne5 19. Qe2 Qh4 20. Rad1 g5 21. Bh1 g4 22. c4 Re6 23. f3 Rg6 24. Kf1 gxf3 25. Bxf3 Qh3+ 26. Bg2 Qxh2 27. Qf2 f3 28. Bxf3 Nxf3 29. Qxh2 Nxh2+ 30. Kf2 Ng4+ 31. Ke2 Ne5 32. Rg1 Re8 33. Bb2 Rxg1 34. Rxg1 Ng6 0-1

[Event "SVK-chT1W 0001"]
[Site "Slovakia"]
[Date "2001.??.??"]
[Round "6"]
[White "Jurica, Peter"]
[Black "Veselsky, Jozef"]
[Result "0-1"]
[WhiteElo "2164"]
[BlackElo "2204"]
[PlyCount "72"]
[EventDate "2000.??.??"]
[EventType "team"]
[EventRounds "11"]
[EventCountry "SVK"]
[SourceTitle "EXT 2002"]
[Source "ChessBase"]
[SourceDate "2001.11.25"]
[SourceVersion "1"]
[SourceVersionDate "2001.11.25"]
[SourceQuality "1"]

1. Nf3 d5 2. d4 Nf6 3. c4 e6 4. Nc3 Be7 5. Bg5 h6 6. Bh4 0-0 7. e3 b6 8. cxd5 Nxd5 9. Bxe7 Qxe7 10. Be2 Bb7 11. 0-0 Nd7 12. Qa4 a6 13. Rac1 Rfc8 14. Nxd5 Bxd5 15. b4 a5 16. b5 Qb4 17. Qc2 c5 18. e4 Bb7 19. a3 Qxa3 20. d5 exd5 21. Ra1 Qb4 22. Ra4 dxe4 23. Nd2 Bd5 24. Rb1 Bb3 25. Qxb3 Qxd2 26. Bg4 c4 27. Rxc4 Nc5 28. Qg3 Rd8 29. Rbc1 Qg5 30. h4 Qe7 31. Re1 Rd3 32. f3 e3 33. Bf5 Rb3 34. Rg4 Qf6 35. Qf4 Rb4 36. Qxe3 Qxf5 0-1

[Event "SVK-chT1W 0001"]
[Site "Slovakia"]
[Date "2000.??.??"]
[Round "1"]
[White "Jurica, Peter"]
[Black "Rigo, Zsolt"]
[Result "0-1"]
[WhiteElo "2170"]
[BlackElo "2268"]
[PlyCount "71"]
[EventDate "2000.??.??"]
[EventType "team"]
[EventRounds "11"]
[EventCountry "SVK"]
[SourceTitle "EXT 2002"]
[Source "ChessBase"]
[SourceDate "2001.11.25"]
[SourceVersion "1"]
[SourceVersionDate "2001.11.25"]
[SourceQuality "1"]

1. Nf3 Nf6 2. d4 e6 3. c4 b6 4. g3 Ba6 5. Nbd2 c5 6. Bg2 Bb7 7. 0-0 cxd4 8. Nb3 Be7 9. Nbxd4 d6 10. Qa4+ Qd7 11. Qxd7+ Nbxd7 12. Nb5 0-0 13. Rd1 d5 14. cxd5 Nxd5 15. Nc7 Rad8 16. Nxd5 Bxd5 17. Bf4 Bf6 18. Bg5 Bxb2 19. Bxd8 Bxa1 20. Be7 Re8 21. e4 Rxe7 22. exd5 Bf6 23. d6 Re8 24. Bf1 Rd8 25. Nd4 Bxd4 26. Rxd4 Nc5 27. Bg2 f5 28. f4 Kf7 29. Kf2 Kf6 30. Ke3 g6 31. h3 e5 32. Rd5 exf4+ 33. Kxf4 g5+ 34. Ke3 Ke6 35. g4 f4+ 36. Kf3 0-1

[Event "SVK-chT1W 0001"]
[Site "Slovakia"]
[Date "2000.??.??"]
[Round "3"]
[White "Jurica, Peter"]
[Black "Schwarz, Dusan"]
[Result "1-0"]
[WhiteElo "2170"]
[BlackElo "2208"]
[PlyCount "39"]
[EventDate "2000.??.??"]
[EventType "team"]
[EventRounds "11"]
[EventCountry "SVK"]
[SourceTitle "EXT 2002"]
[Source "ChessBase"]
[SourceDate "2001.11.25"]
[SourceVersion "1"]
[SourceVersionDate "2001.11.25"]
[SourceQuality "1"]

1. Nf3 Nf6 2. d4 e6 3. c4 b6 4. g3 Bb7 5. Bg2 Be7 6. 0-0 0-0 7. Nc3 Ne4 8. Qc2 Nxc3 9. bxc3 d6 10. Ng5 Bxg5 11. Bxb7 Nd7 12. Bxa8 Bxc1 13. Be4 f5 14. Raxc1 fxe4 15. Qxe4 Qe8 16. Qc6 Rf6 17. Qxc7 Rh6 18. Qxd6 Qh5 19. h4 Qe8 20. c5 1-0

[Event "SVK-chT 9900"]
[Site "Slovakia"]
[Date "1999.??.??"]
[Round "2"]
[White "Jurica, Peter"]
[Black "Hacik, Radomir"]
[Result "0-1"]
[WhiteElo "2214"]
[BlackElo "2240"]
[PlyCount "58"]
[EventDate "1999.??.??"]
[EventType "team"]
[EventRounds "11"]
[EventCountry "SVK"]
[SourceTitle "EXT 2001"]
[Source "ChessBase"]
[SourceDate "2000.11.22"]
[SourceVersion "1"]
[SourceVersionDate "2000.11.22"]
[SourceQuality "1"]

1. Nf3 Nf6 2. d4 d5 3. c4 e6 4. Nc3 Be7 5. Bg5 0-0 6. e3 h6 7. Bh4 b6 8. cxd5 Nxd5 9. Bxe7 Qxe7 10. Be2 Bb7 11. 0-0 Nxc3 12. bxc3 c5 13. Qa4 Nd7 14. Rfd1 Rfd8 15. Rd2 Nf6 16. Rad1 Ne4 17. Rc2 Qc7 18. Nd2 cxd4 19. cxd4 Nc3 20. Bf1 Bc6 21. Qb3 Nxd1 22. Bb5 Rd6 23. Ne4 a6 24. Be2 Nxf2 25. Kxf2 Rd5 26. Qc3 Rc8 27. Bxa6 Qxh2 28. Bxc8 Rf5+ 29. Ke1 Qg1+ 0-1

[Event "SVK-chT 9899"]
[Site "Slovakia"]
[Date "1999.??.??"]
[Round "11"]
[White "Jurica, Peter"]
[Black "Mrva, Vladimir"]
[Result "1/2-1/2"]
[WhiteElo "2215"]
[BlackElo "2200"]
[PlyCount "32"]
[EventDate "1998.??.??"]
[EventType "team"]
[EventRounds "11"]
[EventCountry "SVK"]
[SourceTitle "EXT 2000"]
[Source "ChessBase"]
[SourceDate "1999.11.16"]
[SourceVersion "1"]
[SourceVersionDate "1999.11.16"]
[SourceQuality "1"]

1. Nf3 Nf6 2. d4 e6 3. c4 b6 4. g3 Bb7 5. Bg2 Be7 6. 0-0 0-0 7. Nc3 Ne4 8. Bf4 d6 9. Qc2 Nxc3 10. bxc3 f5 11. Qd2 h6 12. Bxh6 gxh6 13. Qxh6 Be4 14. Nh4 Bxh4 15. Qg6+ Kh8 16. Qh6+ Kg8 1/2-1/2